000 01316nam a2200217 a 4500
003 PILC
005 20250617142306.0
008 060713s1984 xx 00 eng d
010 _aAcc#25527
020 _a0913573124
040 _cPhilippine Baptist Theological Seminary
050 _aBT 123 .D83
_bEr93 1984
100 1 0 _aErvin, Howard M.
_eAuthor
245 1 0 _aConversion initiation and the baptism in the Holy Spirit :
_ban engaging critique of James D.G. Dunn's Baptism in the Holy Spirit /
_cHoward M. Ervin.
264 _aPeabody, MA :
_bHendrickson Publishers,
_c©1984.
300 _aviii, 172 p. ; 22 cm.
505 _aPreface -- Introduction -- 1. John's baptism in the spirit and fire -- 2. Jesus' baptism in the spirit -- 3. Pentecost -- 4 Samaria, riddle or pattern of Pentecost -- 5. Paul's conversion -- 6. Cornelius's conversion -- 7. The Ephesian "disciples" -- 8 conversion-initiation in Acts -- 9. Paul's early epistles -- 10. The Corinthian epistles -- 11. The epistle to Rome -- 12. The later epistles of Paul -- 13. The Johannine Pentecost -- 14. John 3: 5 -- 15. 1John -- 16. Hebrews -- 17 1 Peter -- Conclusion -- Index
650 _aDUNN, JAMES D.G., 1939-
_xBAPTISM IN THE HOLY SPIRIT
650 _aBAPTISM IN THE HOLY SPIRIT
_xBIBLICAL TEACHING
942 _cCB
_2lcc
999 _c10408
_d10408